[Event "Montreal Mercredi 04"]
[Site "Montreal CAN"]
[Date "2011.05.04"]
[Round "5"]
[White "Frangulian, Eric"]
[Black "Soskic, Radmilo"]
[Result "1/2-1/2"]
[WhiteElo "1648"]
[BlackElo "1741"]
[PlyCount "41"]
[GameId "2160767909778964"]
[EventDate "2011.04.06"]
[EventType "tourn"]
[EventRounds "5"]
[EventCountry "CAN"]
[SourceTitle "EXT 2013"]
[Source "ChessBase"]
[SourceDate "2012.11.22"]
[SourceVersion "1"]
[SourceVersionDate "2012.11.22"]
[SourceQuality "1"]

1. e4 e5 2. Nf3 Nc6 3. d4 exd4 4. Nxd4 Nxd4 5. Qxd4 d6 6. Bc4 Qf6 7. Be3 Be7 8. Nc3 c6 9. O-O-O Be6 10. Bxe6 fxe6 11. Qb4 Nh6 12. Qxb7 O-O 13. f3 e5 14. h4 Rfb8 15. Qc7 Nf7 16. f4 Rc8 17. Qd7 Rd8 18. Qc7 Rdc8 19. Qd7 Rd8 20. Qc7 Rdc8 21. Qd7 1/2-1/2

[Event "Montreal Mercredi 04"]
[Site "Montreal CAN"]
[Date "2011.05.04"]
[Round "5"]
[White "Lalonde, Paul"]
[Black "Rondon, Luciano"]
[Result "0-1"]
[WhiteElo "1910"]
[BlackElo "1869"]
[PlyCount "86"]
[GameId "2160767909778967"]
[EventDate "2011.04.06"]
[EventType "tourn"]
[EventRounds "5"]
[EventCountry "CAN"]
[SourceTitle "EXT 2013"]
[Source "ChessBase"]
[SourceDate "2012.11.22"]
[SourceVersion "1"]
[SourceVersionDate "2012.11.22"]
[SourceQuality "1"]

1. e4 c5 2. Nf3 d6 3. d4 cxd4 4. Nxd4 Nf6 5. Nc3 a6 6. Bg5 e6 7. Rg1 Be7 8. Qd2 b5 9. f3 O-O 10. O-O-O b4 11. Nce2 Qa5 12. Nb3 Qxa2 13. Qxb4 a5 14. Qa3 Qxa3 15. bxa3 d5 16. Bxf6 gxf6 17. a4 dxe4 18. fxe4 Bb7 19. Ng3 Rd8 20. Rxd8+ Bxd8 21. Bb5 Nc6 22. Rd1 Ne5 23. Nc5 Bc6 24. Bxc6 Nxc6 25. Nh5 Bb6 26. Nxf6+ Kg7 27. Nfd7 Bc7 28. g3 Ne5 29. Nxe5 Bxe5 30. Nb3 Bc3 31. Rd3 Rc8 32. Kd1 Rc4 33. Re3 Kf6 34. Ke2 Ke5 35. Kd3 Rc7 36. Rf3 Bb4 37. c4 f6 38. Rf4 Rd7+ 39. Ke2 Rc7 40. Rh4 Rxc4 41. Rxh7 Rc2+ 42. Kd1 Rb2 43. Nc1 Rd2+ 0-1

[Event "Montreal Mercredi 04"]
[Site "Montreal CAN"]
[Date "2011.05.04"]
[Round "5"]
[White "Morin, Louis"]
[Black "Giroux, Robert"]
[Result "0-1"]
[WhiteElo "1886"]
[BlackElo "1955"]
[PlyCount "62"]
[GameId "2160767909778968"]
[EventDate "2011.04.06"]
[EventType "tourn"]
[EventRounds "5"]
[EventCountry "CAN"]
[SourceTitle "EXT 2013"]
[Source "ChessBase"]
[SourceDate "2012.11.22"]
[SourceVersion "1"]
[SourceVersionDate "2012.11.22"]
[SourceQuality "1"]

1. e4 c5 2. d4 cxd4 3. c3 dxc3 4. Nxc3 Nc6 5. Nf3 d6 6. Bc4 a6 7. O-O Nf6 8. h3 e6 9. Qe2 Be7 10. Rd1 Qc7 11. Bf4 Ne5 12. Bxe5 dxe5 13. Rac1 Qb8 14. a4 b6 15. b3 O-O 16. Rc2 h6 17. Kh2 Rd8 18. Rxd8+ Bxd8 19. g3 Be7 20. Nd2 Ne8 21. f3 Nc7 22. Ndb1 Bd7 23. Qd1 Be8 24. Bf1 b5 25. axb5 axb5 26. Ra2 Rxa2+ 27. Nxa2 Qa7 28. Nc1 Qf2+ 29. Bg2 b4 30. Qd2 Qxd2 31. Nxd2 Bg5 0-1

[Event "Montreal Mercredi 04"]
[Site "Montreal CAN"]
[Date "2011.05.04"]
[Round "5"]
[White "Plante, Michel"]
[Black "Levkovsky, Alexandre"]
[Result "0-1"]
[WhiteElo "2094"]
[BlackElo "2253"]
[PlyCount "54"]
[GameId "2160767909778969"]
[EventDate "2011.04.06"]
[EventType "tourn"]
[EventRounds "5"]
[EventCountry "CAN"]
[SourceTitle "EXT 2013"]
[Source "ChessBase"]
[SourceDate "2012.11.22"]
[SourceVersion "1"]
[SourceVersionDate "2012.11.22"]
[SourceQuality "1"]

1. d4 d5 2. Nf3 b5 3. Bf4 Nf6 4. e3 a6 5. a4 b4 6. c4 c6 7. c5 a5 8. Ne5 e6 9. Nd2 Nfd7 10. Bd3 Nxe5 11. Bxe5 Nd7 12. Bg3 e5 13. O-O e4 14. Be2 Be7 15. f3 Bg5 16. Qb3 O-O 17. fxe4 Nf6 18. Bd6 Re8 19. e5 Ng4 20. Rf3 Nh6 21. h3 Ra7 22. Raf1 f6 23. Ne4 Nf7 24. Rg3 dxe4 25. exf6 Be6 26. Bc4 Bxc4 27. Qxc4 Bxf6 0-1

[Event "Montreal Mercredi 05"]
[Site "Montreal CAN"]
[Date "2011.05.18"]
[Round "1"]
[White "Beladel, Brahim"]
[Black "Sonn, Eric"]
[Result "1-0"]
[WhiteElo "1684"]
[BlackElo "1621"]
[PlyCount "67"]
[GameId "2160767909704423"]
[EventDate "2011.05.18"]
[EventType "swiss"]
[EventRounds "5"]
[EventCountry "CAN"]
[SourceTitle "EXT 2022"]
[Source "ChessBase"]
[SourceDate "2021.10.06"]
[SourceVersion "1"]
[SourceVersionDate "2021.10.06"]
[SourceQuality "1"]

1. e4 c5 2. Nf3 e6 3. d4 cxd4 4. Nxd4 a6 5. c4 Qc7 6. Nc3 Nf6 7. Bd3 Nc6 8. Nxc6 bxc6 9. O-O Be7 10. Qe2 e5 11. Be3 d6 12. b3 Bb7 13. Rac1 O-O 14. f4 Nd7 15. f5 Qd8 16. Qd2 Nc5 17. Bb1 Nd7 18. g4 f6 19. Qf2 Qe8 20. Qh4 Qf7 21. Bc2 d5 22. cxd5 cxd5 23. exd5 Bc5 24. Bxc5 Nxc5 25. b4 Nd7 26. Bb3 Qe8 27. Ne4 Nb6 28. Nd6 Qd7 29. Nxb7 Qxb7 30. Rc7 Qb8 31. d6+ Kh8 32. g5 Nc8 33. gxf6 Rxf6 34. Qg5 1-0

[Event "Montreal Mercredi 05"]
[Site "Montreal CAN"]
[Date "2011.05.18"]
[Round "1"]
[White "Brassard, Sylvain"]
[Black "Chen, Jianqiu"]
[Result "0-1"]
[WhiteElo "1831"]
[BlackElo "1761"]
[PlyCount "44"]
[GameId "2160767909704424"]
[EventDate "2011.05.18"]
[EventType "swiss"]
[EventRounds "5"]
[EventCountry "CAN"]
[SourceTitle "EXT 2022"]
[Source "ChessBase"]
[SourceDate "2021.10.06"]
[SourceVersion "1"]
[SourceVersionDate "2021.10.06"]
[SourceQuality "1"]

1. d4 Nf6 2. Bg5 e6 3. c4 Be7 4. Nc3 d5 5. e3 O-O 6. Nf3 Nbd7 7. Bd3 dxc4 8. Bxc4 a6 9. a3 b5 10. Ba2 Bb7 11. b4 a5 12. Nxb5 axb4 13. Bf4 Ne8 14. Qb1 Ba6 15. a4 c6 16. Qe4 cxb5 17. Bb1 Nef6 18. Qc6 Qa5 19. Bc7 Rac8 20. Bxa5 Rxc6 21. Bd3 bxa4 22. Bxa6 Rxa6 0-1

[Event "Montreal Mercredi 05"]
[Site "Montreal CAN"]
[Date "2011.05.18"]
[Round "1"]
[White "Cardin, Guillaume"]
[Black "Morin, Louis"]
[Result "0-1"]
[WhiteElo "1959"]
[BlackElo "1906"]
[PlyCount "58"]
[GameId "2160767909704425"]
[EventDate "2011.05.18"]
[EventType "swiss"]
[EventRounds "5"]
[EventCountry "CAN"]
[SourceTitle "EXT 2022"]
[Source "ChessBase"]
[SourceDate "2021.10.06"]
[SourceVersion "1"]
[SourceVersionDate "2021.10.06"]
[SourceQuality "1"]

1. e4 e5 2. Nf3 d6 3. d4 Nf6 4. Nc3 Nbd7 5. Bc4 Be7 6. O-O O-O 7. h3 c6 8. a4 Nxe4 9. Nxe4 d5 10. Nxe5 Nxe5 11. dxe5 dxe4 12. Qe2 Bf5 13. e6 fxe6 14. g4 Bg6 15. Bxe6+ Kh8 16. Rd1 Bd6 17. Be3 Qe7 18. Qc4 Rf6 19. Bf5 Bxf5 20. gxf5 Qe5 21. Bd4 Qh2+ 22. Kf1 Rxf5 23. Qc3 Rf3 24. Qd2 Raf8 25. Ra3 e3 26. Bxe3 Bg3 27. Ke1 Bxf2+ 28. Bxf2 Rxf2 29. Rf3 Qg1# 0-1

[Event "Montreal Mercredi 05"]
[Site "Montreal CAN"]
[Date "2011.05.18"]
[Round "1"]
[White "Dumont, Felix"]
[Black "Pilotte, Benoit"]
[Result "1-0"]
[WhiteElo "2015"]
[BlackElo "1881"]
[PlyCount "57"]
[GameId "2160767909704427"]
[EventDate "2011.05.18"]
[EventType "swiss"]
[EventRounds "5"]
[EventCountry "CAN"]
[SourceTitle "EXT 2022"]
[Source "ChessBase"]
[SourceDate "2021.10.06"]
[SourceVersion "1"]
[SourceVersionDate "2021.10.06"]
[SourceQuality "1"]

1. e4 g6 2. d4 Bg7 3. Nf3 d6 4. c4 h6 5. Nc3 e6 6. Be2 Ne7 7. O-O Nd7 8. Be3 b6 9. Qc2 a6 10. Rfd1 Bb7 11. b4 Qc8 12. d5 e5 13. c5 bxc5 14. bxc5 Nxc5 15. Bxc5 dxc5 16. Na4 Bxd5 17. exd5 e4 18. Qxe4 Bxa1 19. Rxa1 Qd7 20. d6 O-O 21. dxe7 Rfe8 22. Nxc5 Qd6 23. Nb3 Rab8 24. Rd1 Rxe7 25. Rxd6 Rxe4 26. Rd2 Ra4 27. h3 a5 28. Ne5 Re8 29. Bb5 1-0

[Event "Montreal Mercredi 05"]
[Site "Montreal CAN"]
[Date "2011.05.18"]
[Round "1"]
[White "Frangulian, Eric"]
[Black "Efpraxiadis, Jean"]
[Result "1/2-1/2"]
[WhiteElo "1667"]
[BlackElo "1604"]
[PlyCount "71"]
[GameId "2160767909704428"]
[EventDate "2011.05.18"]
[EventType "swiss"]
[EventRounds "5"]
[EventCountry "CAN"]
[SourceTitle "EXT 2022"]
[Source "ChessBase"]
[SourceDate "2021.10.06"]
[SourceVersion "1"]
[SourceVersionDate "2021.10.06"]
[SourceQuality "1"]

1. e4 d6 2. d4 Nf6 3. Nc3 e5 4. dxe5 dxe5 5. Qxd8+ Kxd8 6. Bc4 Ke8 7. Nf3 Bd6 8. Bg5 Nbd7 9. O-O-O a6 10. Rhe1 h6 11. Bh4 b6 12. Nd5 Bb7 13. Nxf6+ Nxf6 14. Bxf6 gxf6 15. Nh4 Rd8 16. Nf5 Bc8 17. Ne3 c6 18. f3 b5 19. Bb3 h5 20. c4 Ke7 21. cxb5 axb5 22. a4 Bc5 23. axb5 Bxe3+ 24. Rxe3 Rxd1+ 25. Bxd1 cxb5 26. Bb3 Be6 27. Bxe6 fxe6 28. Rd3 Rc8+ 29. Kd2 Rc4 30. b3 Rd4 31. Rxd4 exd4 32. Kd3 e5 33. b4 Kf7 34. h4 Kg7 35. Ke2 Kg6 36. Kd3 1/2-1/2

[Event "Montreal Mercredi 05"]
[Site "Montreal CAN"]
[Date "2011.05.18"]
[Round "1"]
[White "Gauthier, Luc"]
[Black "Yu, Zong Yang"]
[Result "1/2-1/2"]
[WhiteElo "1717"]
[BlackElo "1620"]
[PlyCount "90"]
[GameId "2160767909704429"]
[EventDate "2011.05.18"]
[EventType "swiss"]
[EventRounds "5"]
[EventCountry "CAN"]
[SourceTitle "EXT 2022"]
[Source "ChessBase"]
[SourceDate "2021.10.06"]
[SourceVersion "1"]
[SourceVersionDate "2021.10.06"]
[SourceQuality "1"]

1. e4 c5 2. Nc3 Nc6 3. f4 e6 4. Nf3 Nge7 5. g3 a6 6. Bg2 b5 7. d3 d6 8. O-O g6 9. Be3 Bb7 10. Qd2 Bg7 11. Nd1 O-O 12. c3 Rc8 13. Nf2 Qc7 14. f5 exf5 15. Bh6 Ne5 16. Nxe5 dxe5 17. Nh3 f6 18. Be3 Rfd8 19. Qe2 c4 20. dxc4 Qxc4 21. Qxc4+ bxc4 22. Nf2 fxe4 23. Nxe4 Nd5 24. Bc5 f5 25. Nd6 Rc7 26. Nxb7 Rxb7 27. Rad1 Rbd7 28. Bf3 e4 29. Be2 Rc8 30. Bd4 Bh6 31. Kg2 Rb7 32. Bg1 Rxb2 33. Rxd5 Rxe2+ 34. Rf2 Re1 35. Rb2 Be3 36. Bxe3 Rxe3 37. Rb7 Rd3 38. Re5 Rcd8 39. Ree7 Rc8 40. Rg7+ Kf8 41. Rxh7 Kg8 42. Rhg7+ Kh8 43. Rh7+ Kg8 44. Rhg7+ Kf8 45. Rh7 Kg8 1/2-1/2

[Event "Montreal Mercredi 05"]
[Site "Montreal CAN"]
[Date "2011.05.18"]
[Round "1"]
[White "Levkovsky, Alexandre"]
[Black "Tremblay, Alain"]
[Result "1/2-1/2"]
[WhiteElo "2241"]
[BlackElo "2092"]
[PlyCount "86"]
[GameId "2160767909704431"]
[EventDate "2011.05.18"]
[EventType "swiss"]
[EventRounds "5"]
[EventCountry "CAN"]
[SourceTitle "EXT 2022"]
[Source "ChessBase"]
[SourceDate "2021.10.06"]
[SourceVersion "1"]
[SourceVersionDate "2021.10.06"]
[SourceQuality "1"]

1. e4 e5 2. Nf3 d6 3. d4 exd4 4. Nxd4 Nf6 5. Nc3 Be7 6. Be2 Nc6 7. O-O O-O 8. Nxc6 bxc6 9. Bf3 Nd7 10. Bf4 Bf6 11. Qd2 Rb8 12. b3 Re8 13. Rad1 Ne5 14. Be2 Ng6 15. Be3 Qe7 16. Bxa7 Bxc3 17. Qxc3 Ra8 18. Bd4 Nf4 19. Bf3 Qg5 20. Be3 Qxg2+ 21. Bxg2 Ne2+ 22. Kh1 Nxc3 23. Rd4 Ba6 24. Re1 c5 25. Rd2 Bb7 26. a4 Bxe4 27. Bxe4 Nxe4 28. Rd3 Ng5 29. Kg2 f6 30. f3 Re7 31. Bf2 Rxe1 32. Bxe1 Re8 33. Kf2 Nh3+ 34. Kf1 Nf4 35. Rd2 Kf7 36. Bg3 Ng6 37. Re2 Ra8 38. Kf2 c4 39. Ke3 cxb3 40. cxb3 Rb8 41. Rb2 Ke6 42. b4 c6 43. Be1 Ne7 1/2-1/2

[Event "Montreal Mercredi 05"]
[Site "Montreal CAN"]
[Date "2011.05.18"]
[Round "1"]
[White "Plante, Michel"]
[Black "Gauthier, Denis"]
[Result "1-0"]
[WhiteElo "2072"]
[BlackElo "2112"]
[PlyCount "67"]
[GameId "2160767909704432"]
[EventDate "2011.05.18"]
[EventType "swiss"]
[EventRounds "5"]
[EventCountry "CAN"]
[SourceTitle "EXT 2022"]
[Source "ChessBase"]
[SourceDate "2021.10.06"]
[SourceVersion "1"]
[SourceVersionDate "2021.10.06"]
[SourceQuality "1"]

1. d4 Nf6 2. Nc3 d5 3. Bg5 c6 4. Qd2 Qb6 5. O-O-O Bf5 6. f3 Nbd7 7. g4 Bg6 8. Nh3 h6 9. Bf4 e6 10. Nf2 Bb4 11. a3 Be7 12. e4 dxe4 13. fxe4 h5 14. g5 Ng4 15. Nxg4 hxg4 16. Be2 f5 17. d5 cxd5 18. exd5 e5 19. d6 exf4 20. dxe7 Qe3 21. Bb5 Kf7 22. Bxd7 Qxd2+ 23. Rxd2 Kxe7 24. Re1+ Kf8 25. Nd5 f3 26. Nf4 Bf7 27. Bxf5 Rh4 28. Ng6+ Bxg6 29. Bxg6 Rc8 30. c3 Rh3 31. Rd7 Rxh2 32. Rde7 Rh1 33. Rf7+ Kg8 34. Rxh1 1-0

[Event "Montreal Mercredi 05"]
[Site "Montreal CAN"]
[Date "2011.05.18"]
[Round "1"]
[White "Sasseville, Jean"]
[Black "Lopez Linares, Lizandro"]
[Result "1-0"]
[WhiteElo "1945"]
[BlackElo "1943"]
[PlyCount "57"]
[GameId "2160767909704433"]
[EventDate "2011.05.18"]
[EventType "swiss"]
[EventRounds "5"]
[EventCountry "CAN"]
[SourceTitle "EXT 2022"]
[Source "ChessBase"]
[SourceDate "2021.10.06"]
[SourceVersion "1"]
[SourceVersionDate "2021.10.06"]
[SourceQuality "1"]

1. Nf3 Nf6 2. c4 e6 3. g3 b6 4. Bg2 Bb7 5. O-O Be7 6. Nc3 O-O 7. Re1 Ne4 8. Nxe4 Bxe4 9. d3 Bb7 10. e4 d6 11. d4 c5 12. b3 Qc7 13. Qe2 e5 14. d5 Bc8 15. Nd2 Bf6 16. Bb2 Qe7 17. Nf1 g6 18. Ne3 Nd7 19. f4 exf4 20. gxf4 Bh4 21. Qg4 h5 22. Qf3 Bxe1 23. Rxe1 Qh4 24. Rf1 Re8 25. e5 Qe7 26. e6 fxe6 27. dxe6 Qxe6 28. Nd5 Rb8 29. Qc3 1-0

[Event "Montreal Mercredi 05"]
[Site "Montreal CAN"]
[Date "2011.05.25"]
[Round "2"]
[White "Dumont, Felix"]
[Black "Cardin, Guillaume"]
[Result "0-1"]
[WhiteElo "2015"]
[BlackElo "1959"]
[PlyCount "110"]
[GameId "2160767909704435"]
[EventDate "2011.05.18"]
[EventType "swiss"]
[EventRounds "5"]
[EventCountry "CAN"]
[SourceTitle "EXT 2022"]
[Source "ChessBase"]
[SourceDate "2021.10.06"]
[SourceVersion "1"]
[SourceVersionDate "2021.10.06"]
[SourceQuality "1"]

1. Nf3 Nf6 2. c4 g6 3. Nc3 Bg7 4. e4 d6 5. d4 O-O 6. Be2 e5 7. O-O Nc6 8. d5 Ne7 9. Ne1 Nd7 10. Be3 f5 11. f3 f4 12. Bf2 g5 13. b4 Nf6 14. c5 Ng6 15. Rc1 Rf7 16. cxd6 cxd6 17. a4 Bf8 18. a5 h5 19. Nb5 b6 20. axb6 axb6 21. Rc6 Rb7 22. Qc2 Ne8 23. Nd3 Bd7 24. Nb2 Bxc6 25. dxc6 Rg7 26. c7 Qd7 27. Bxb6 Ne7 28. Rc1 g4 29. Na7 Nc8 30. Bb5 Qe7 31. Nxc8 Rxc8 32. Ba6 Rxc7 33. Bxc7 Nxc7 34. Be2 Kh8 35. Qb3 Ne6 36. Kh1 Nd4 37. Qd1 gxf3 38. Bxf3 h4 39. Bg4 Qg5 40. Rc8 Rg8 41. Nd3 Qxg4 42. Qxg4 Rxg4 43. Rxf8+ Kg7 44. Rb8 f3 45. g3 hxg3 46. hxg3 Rxg3 47. Rd8 Rg6 48. Rd7+ Kh6 49. Rf7 Rg4 50. Rf6+ Kg5 51. Rxd6 Ne2 52. Rg6+ Kxg6 53. Nxe5+ Kh5 54. Nxg4 Kxg4 55. b5 Kh3 0-1

[Event "Montreal Mercredi 05"]
[Site "Montreal CAN"]
[Date "2011.05.25"]
[Round "2"]
[White "Gauthier, Denis"]
[Black "Levkovsky, Alexandre"]
[Result "0-1"]
[WhiteElo "2112"]
[BlackElo "2241"]
[PlyCount "90"]
[GameId "2160767909704436"]
[EventDate "2011.05.18"]
[EventType "swiss"]
[EventRounds "5"]
[EventCountry "CAN"]
[SourceTitle "EXT 2022"]
[Source "ChessBase"]
[SourceDate "2021.10.06"]
[SourceVersion "1"]
[SourceVersionDate "2021.10.06"]
[SourceQuality "1"]

1. d4 Nf6 2. c4 e6 3. Nf3 Bb4+ 4. Nbd2 d5 5. a3 Be7 6. e3 O-O 7. Bd3 b6 8. O-O Bb7 9. Qc2 c5 10. b3 cxd4 11. exd4 Nc6 12. Bb2 Rc8 13. Rac1 Na5 14. Ne5 g6 15. Rfe1 Nh5 16. Be2 Ng7 17. Bf3 Nf5 18. Qd3 Ba6 19. Bg4 Bg5 20. Rc2 Bh6 21. g3 Re8 22. f4 Bg7 23. Rcc1 Nd6 24. Bf3 f6 25. Ng4 dxc4 26. bxc4 Naxc4 27. Nxc4 Bxc4 28. Qd2 Bd5 29. Be2 Nf5 30. Ba6 Rc7 31. a4 h5 32. Ne3 Nxe3 33. Qxe3 Bf8 34. f5 gxf5 35. Be2 Rh7 36. Rc3 Bb4 37. Bb5 Ree7 38. Ba3 Bxc3 39. Bxe7 Rxe7 40. Qxc3 Rc7 41. Qe3 Kg7 42. Be2 Rc2 43. Bf3 Bxf3 44. Qxf3 Qxd4+ 45. Kh1 Qd2 0-1

[Event "Montreal Mercredi 05"]
[Site "Montreal CAN"]
[Date "2011.05.25"]
[Round "2"]
[White "Gauthier, Luc"]
[Black "Beladel, Brahim"]
[Result "1-0"]
[WhiteElo "1717"]
[BlackElo "1684"]
[PlyCount "59"]
[GameId "2160767909704437"]
[EventDate "2011.05.18"]
[EventType "swiss"]
[EventRounds "5"]
[EventCountry "CAN"]
[SourceTitle "EXT 2022"]
[Source "ChessBase"]
[SourceDate "2021.10.06"]
[SourceVersion "1"]
[SourceVersionDate "2021.10.06"]
[SourceQuality "1"]

1. e4 c5 2. Nc3 Nc6 3. f4 d6 4. Nf3 Nf6 5. Bb5 Bd7 6. Bxc6 Bxc6 7. d3 g6 8. O-O Bg7 9. Qe1 Nd7 10. Qg3 O-O 11. f5 Ne5 12. Qh4 Bf6 13. Bg5 Nxf3+ 14. Rxf3 Bxg5 15. Qxg5 Kg7 16. Rh3 Rh8 17. Qh6+ Kg8 18. fxg6 fxg6 19. Rf1 e6 20. Rhf3 Qe7 21. Nd1 Qg7 22. Qf4 Qe7 23. Ne3 Kg7 24. Ng4 g5 25. Qf7+ Qxf7 26. Rxf7+ Kg6 27. R1f6+ Kh5 28. Rh6+ Kxg4 29. h3+ Kg3 30. Rf3# 1-0

[Event "Montreal Mercredi 05"]
[Site "Montreal CAN"]
[Date "2011.05.25"]
[Round "2"]
[White "Morin, Louis"]
[Black "Sasseville, Jean"]
[Result "1/2-1/2"]
[WhiteElo "1906"]
[BlackElo "1945"]
[PlyCount "70"]
[GameId "2160767909704438"]
[EventDate "2011.05.18"]
[EventType "swiss"]
[EventRounds "5"]
[EventCountry "CAN"]
[SourceTitle "EXT 2022"]
[Source "ChessBase"]
[SourceDate "2021.10.06"]
[SourceVersion "1"]
[SourceVersionDate "2021.10.06"]
[SourceQuality "1"]

1. e4 c6 2. d4 d5 3. exd5 cxd5 4. Bd3 Nc6 5. c3 Qc7 6. Ne2 Nf6 7. O-O Bg4 8. Re1 e6 9. Bf4 Qxf4 10. Nxf4 Bxd1 11. Rxd1 Bd6 12. Ne2 Rb8 13. Nd2 b5 14. a3 a5 15. b4 a4 16. f4 Ng4 17. h3 Ne3 18. Re1 O-O 19. Kf2 Nc4 20. Nxc4 dxc4 21. Be4 Ne7 22. g3 f6 23. Kg2 Rbe8 24. Ng1 h6 25. Bf3 Kf7 26. Re2 Nd5 27. Bxd5 exd5 28. Rae1 g5 29. Rxe8 Rxe8 30. Rxe8 Kxe8 31. f5 h5 32. Ne2 Kf7 33. h4 Kg7 34. Kf3 Kh6 35. Nf4 Bxf4 1/2-1/2

[Event "Montreal Mercredi 05"]
[Site "Montreal CAN"]
[Date "2011.05.25"]
[Round "2"]
[White "Pichardo, Agustin"]
[Black "Tremblay, Alain"]
[Result "1/2-1/2"]
[WhiteElo "2100"]
[BlackElo "2092"]
[PlyCount "50"]
[GameId "2160767909704439"]
[EventDate "2011.05.18"]
[EventType "swiss"]
[EventRounds "5"]
[EventCountry "CAN"]
[SourceTitle "EXT 2022"]
[Source "ChessBase"]
[SourceDate "2021.10.06"]
[SourceVersion "1"]
[SourceVersionDate "2021.10.06"]
[SourceQuality "1"]

1. c4 f5 2. Nf3 g6 3. g3 Bg7 4. d4 Nf6 5. Nc3 d6 6. Bg2 O-O 7. O-O Qe8 8. Re1 e5 9. e4 f4 10. dxe5 dxe5 11. Nd5 Na6 12. gxf4 Nh5 13. fxe5 c6 14. Nf6+ Nxf6 15. exf6 Rxf6 16. Bg5 Rf7 17. Qc2 Bg4 18. Nd2 Qe5 19. Be3 Qxb2 20. Qxb2 Bxb2 21. Rab1 Bc3 22. Rb3 Be5 23. f4 Bxf4 24. Bxf4 Rxf4 25. Rxb7 Nc5 1/2-1/2

[Event "Montreal Mercredi 05"]
[Site "Montreal CAN"]
[Date "2011.05.25"]
[Round "2"]
[White "Pilotte, Benoit"]
[Black "Lopez Linares, Lizandro"]
[Result "1/2-1/2"]
[WhiteElo "1881"]
[BlackElo "1943"]
[PlyCount "63"]
[GameId "2160767909704440"]
[EventDate "2011.05.18"]
[EventType "swiss"]
[EventRounds "5"]
[EventCountry "CAN"]
[SourceTitle "EXT 2022"]
[Source "ChessBase"]
[SourceDate "2021.10.06"]
[SourceVersion "1"]
[SourceVersionDate "2021.10.06"]
[SourceQuality "1"]

1. g3 d5 2. Bg2 Nf6 3. d3 c5 4. Nd2 Nc6 5. h3 g6 6. e3 Bg7 7. Ne2 O-O 8. a3 e5 9. b3 Qe7 10. Bb2 Re8 11. Nc3 Be6 12. Qe2 Rad8 13. g4 d4 14. Nce4 Nd5 15. g5 h6 16. h4 h5 17. Bf3 b5 18. Rg1 Kf8 19. O-O-O c4 20. dxc4 Nc3 21. Nxc3 dxc3 22. Bxc3 e4 23. Bxg7+ Kxg7 24. Nxe4 Qxa3+ 25. Kb1 bxc4 26. Rxd8 Rxd8 27. Qe1 cxb3 28. Qc3+ Kg8 29. Nf6+ Kf8 30. Nh7+ Ke7 31. Bxc6 bxc2+ 32. Kxc2 1/2-1/2

[Event "Montreal Mercredi 05"]
[Site "Montreal CAN"]
[Date "2011.05.25"]
[Round "2"]
[White "Weston, Paul"]
[Black "Brassard, Sylvain"]
[Result "1-0"]
[WhiteElo "1870"]
[BlackElo "1831"]
[PlyCount "75"]
[GameId "2160767909704442"]
[EventDate "2011.05.18"]
[EventType "swiss"]
[EventRounds "5"]
[EventCountry "CAN"]
[SourceTitle "EXT 2022"]
[Source "ChessBase"]
[SourceDate "2021.10.06"]
[SourceVersion "1"]
[SourceVersionDate "2021.10.06"]
[SourceQuality "1"]

1. e4 Nf6 2. d3 c6 3. g3 e5 4. Bg2 d6 5. Nf3 Be7 6. O-O O-O 7. h3 h6 8. Be3 Be6 9. Qd2 Nbd7 10. Nc3 d5 11. exd5 cxd5 12. d4 e4 13. Ne5 Rc8 14. Ne2 Nb6 15. c3 Nfd7 16. b3 Bf6 17. Nxd7 Qxd7 18. g4 Qe7 19. f3 exf3 20. Rxf3 Bg5 21. Bxg5 hxg5 22. Raf1 Rce8 23. Nc1 Bd7 24. h4 Bc6 25. Kf2 f6 26. Re1 Qxe1+ 27. Qxe1 Rxe1 28. Kxe1 Re8+ 29. Kd2 Nc8 30. Re3 Rxe3 31. Kxe3 Nd6 32. Nd3 a5 33. Nc5 Kf7 34. Bf1 g6 35. Be2 b6 36. Na6 Ne4 37. c4 dxc4 38. Bxc4+ 1-0

[Event "Montreal Mercredi 05"]
[Site "Montreal CAN"]
[Date "2011.05.25"]
[Round "2"]
[White "Yu, Zong Yang"]
[Black "Efpraxiadis, Jean"]
[Result "0-1"]
[WhiteElo "1620"]
[BlackElo "1604"]
[PlyCount "112"]
[GameId "2160767909704443"]
[EventDate "2011.05.18"]
[EventType "swiss"]
[EventRounds "5"]
[EventCountry "CAN"]
[SourceTitle "EXT 2022"]
[Source "ChessBase"]
[SourceDate "2021.10.06"]
[SourceVersion "1"]
[SourceVersionDate "2021.10.06"]
[SourceQuality "1"]

1. d4 d6 2. c4 e5 3. Nf3 e4 4. Nfd2 f5 5. g3 Nf6 6. Bg2 c6 7. Nc3 Be7 8. d5 O-O 9. O-O Nbd7 10. b3 cxd5 11. cxd5 a6 12. a4 Ng4 13. Nc4 Nge5 14. Ne3 Qe8 15. f3 exf3 16. exf3 f4 17. Nc2 fxg3 18. hxg3 Qg6 19. Ne4 Nf6 20. Bf4 Nxe4 21. fxe4 Bf6 22. Rc1 Bg4 23. Qd2 Qh5 24. Nd4 Rfe8 25. Rc7 Re7 26. Rfc1 Rae8 27. Qb4 Nd3 28. Qd2 Nxc1 29. Rxc1 Bxd4+ 30. Qxd4 Bf3 31. Re1 Bxg2 32. Kxg2 Qg6 33. Kf3 h5 34. Qb4 Qg4+ 35. Kg2 Qg6 36. Qxd6 Qxd6 37. Bxd6 Rxe4 38. Rd1 g5 39. Bc7 Re2+ 40. Kg1 Re1+ 41. Rxe1 Rxe1+ 42. Kf2 Rd1 43. d6 Kf7 44. b4 Ke6 45. Ke3 Rb1 46. Bd8 Rb3+ 47. Kf2 g4 48. Bc7 Rxb4 49. a5 Kd7 50. Ke2 Kc6 51. Ke3 b5 52. axb6 Rxb6 53. Kd4 Rb5 54. Kc4 Rf5 55. Bb8 Rc5+ 56. Kb4 Rb5+ 0-1

[Event "Montreal Mercredi 05"]
[Site "Montreal CAN"]
[Date "2011.06.01"]
[Round "3"]
[White "Beladel, Brahim"]
[Black "Yu, Zong Yang"]
[Result "1-0"]
[WhiteElo "1684"]
[BlackElo "1620"]
[PlyCount "69"]
[GameId "2160767909704445"]
[EventDate "2011.05.18"]
[EventType "swiss"]
[EventRounds "5"]
[EventCountry "CAN"]
[SourceTitle "EXT 2022"]
[Source "ChessBase"]
[SourceDate "2021.10.06"]
[SourceVersion "1"]
[SourceVersionDate "2021.10.06"]
[SourceQuality "1"]

1. e4 c5 2. Nf3 d6 3. d4 cxd4 4. Nxd4 Nf6 5. Nc3 g6 6. Be3 Bg7 7. f3 O-O 8. Qd2 Nc6 9. Bc4 Bd7 10. O-O-O Rb8 11. g4 Na5 12. Bd3 b5 13. Ndxb5 Bxb5 14. Bxb5 Qc7 15. g5 Nxe4 16. fxe4 Bxc3 17. Qxc3 Qxc3 18. bxc3 Rxb5 19. Rd5 Rxd5 20. exd5 Nc4 21. Bxa7 Ra8 22. Bf2 Rxa2 23. Kb1 Rb2+ 24. Kc1 Rb5 25. Rd1 Na3 26. Rd4 Rb1+ 27. Kd2 Rb2 28. Ra4 Rxc2+ 29. Ke1 Rxc3 30. Ra8+ Kg7 31. Bd4+ f6 32. Bxc3 Nb5 33. Bb2 Nc7 34. Ra5 Kf7 35. gxf6 1-0